000 00379cam a2200145ua 4500
041 _aeng
_h
082 _a828.09
_bROS/SW
100 _aRosenheim, Edward W .
245 _aSwift and the catirist`s art /
_cEdward w Rosenheim.
_hTextual Documents
260 _aChicago :
_bThe university press ,
_c1963.
300 _a243 ; .
504 _a
942 _cBK
999 _c5040
_d5040